|
|
|
|
| LEADER |
00836nab a2200241 i 4500 |
| 001 |
publ33216 |
| 005 |
20250522154934.0 |
| 008 |
250522s1984 hu o 000 eng d |
| 022 |
|
|
|a 0030-4921
|
| 024 |
7 |
|
|a 10.1002/mrc.1270220916
|2 doi
|
| 024 |
7 |
|
|a 31885
|2 mtmt
|
| 040 |
|
|
|a SZTE Publicatio Repozitórium
|b hun
|
| 041 |
|
|
|a eng
|
| 100 |
1 |
|
|a Sohár Pál
|
| 245 |
1 |
0 |
|a Stereostructure of condensed-skeleton cis- and trans-dihydro-1,3-thiazines and 1-thia-3-azaspiroalkenes
|h [elektronikus dokumentum] /
|c Sohár Pál
|
| 260 |
|
|
|c 1984
|
| 300 |
|
|
|a 597-602
|
| 490 |
0 |
|
|a ORGANIC MAGNETIC RESONANCE
|v 22 No. 9
|
| 650 |
|
4 |
|a Kémiai tudományok
|
| 650 |
|
4 |
|a Általános orvostudomány
|
| 700 |
0 |
1 |
|a Simon L.
|e aut
|
| 700 |
0 |
1 |
|a Bernáth Gábor
|e aut
|
| 856 |
4 |
0 |
|u http://publicatio.bibl.u-szeged.hu/33216/1/aok_klny_1028_84.pdf
|z Dokumentum-elérés
|